|
|
|
|
| LEADER |
01124nam a2200337 4500 |
| 001 |
000005883 |
| 003 |
2036 |
| 005 |
20120416100409.0 |
| 008 |
110824s2004 viesd |
| 020 |
|
|
|c 15000
|
| 041 |
0 |
|
|a vie
|
| 082 |
|
|
|a 895.9223
|b VU-T
|
| 100 |
0 |
|
|a Vũ Trinh
|
| 245 |
|
0 |
|a Lan trì Kiến văn lục
|c Vũ Trinh ; Hoàng Văn Lâu dịch
|
| 260 |
|
|
|a Huế
|b Nxb. Thuận Hoá ; Trung tâm Văn hoá Ngôn ngữ Đông Tây
|c 2004
|
| 300 |
|
|
|a 155 tr
|c 19 cm
|
| 653 |
|
|
|a Văn học cận đại
|
| 653 |
|
|
|a Việt Nam
|
| 653 |
|
|
|a Truyện cổ
|
| 700 |
|
|
|a Hoàng Văn Lâu
|e Dịch
|
| 910 |
|
|
|a Nguyễn Thị Kim Oanh
|d 24/08/2011
|
| OWN |
|
|
|a LSP
|
| AVA |
|
|
|a UDN50
|b LSP
|d 895.9223 VU-T
|e available
|t Error 5001 Not defined in file expand_doc_bib_avail.
|f 2
|g 0
|h N
|i 0
|k 1
|
| 999 |
|
|
|a From the UDN01
|
| AVA |
|
|
|a UDN50
|b LSP
|d 895.9223 VU-T
|e available
|t Error 5001 Not defined in file expand_doc_bib_avail.
|f 2
|g 0
|h N
|i 0
|k 1
|
| TYP |
|
|
|a Monograph
|
| TYP |
|
|
|a Printed language
|
| 980 |
|
|
|a Mạng thư viện Đại học Đà Nẵng
|